Statistics for Ken's General Knowledge Quiz #224

Click here to take the quiz!

General Stats

  • This quiz has been taken 16 times
  • The average score is 4 of 20

Answer Stats

HintAnswer% Correct
Which language has the more native speakers: English or Spanish?Spanish
81%
Whose body was hung, drawn and quartered in 1661 even though he had died in 1658?Oliver Cromwell
50%
Which scientist had his "Invention Factory" at Menlo Park, New Jersey?Thomas Edison
50%
Which city is the setting for the US version of "The Office"?Scranton
44%
In the TV series "Fawlty Towers", what name did Manuel give to his pet rat?Basil
31%
For which team was Lewis Hamilton driving when he won his first F1 World championship?McLaren
31%
For whose coronation did Handel compose "Zadok the Priest"?George II
25%
In which Italian city did Nelson first meet Lady Hamilton?Naples
19%
What was the title of Alan Sillitoe's first novel?Saturday Night and Sunday Morning
19%
Which Canadian authoress's first novel was "The Edible Woman" in 1969?Margaret Attwood
13%
If you were having an orchidectomy, what would be removed?Testicles
13%
In which movie did Woody Allen make his screen debut?What's New Pussycat?
13%
How many pairs of strings are there on a standard mandolin?Four
6%
Which textile is only genuine if hand woven in the Outer Hebrides?Harris Tweed
6%
Which Shakespeare play was being performed when the Globe theatre burned down in 1613?Henry VIII
6%
Sung by Rita Coolidge "All Time High" was the theme song for which James Bond film?Octopussy
6%
Which two Kings met at the Battle of the Boyne?James II & William III
0%
Which TWO seas are linked by the Gota canal?North Sea Baltic Sea
0%
What was the first of Richard Wagner's operas to be performed?The Flying Dutchman
0%
What is the name of the annual horse race held in Siena?The Palio
0%

Score Distribution

Percentile by Number Answered

Percent of People with Each Score

Your Score History

You have not taken this quiz